000 00633nam a2200181 a 4500
001 000047489
005 20201002060552.0
008 180606s2018 dr a 000 spa d
020 _a9789945131963
040 _aDO-SdBNP
_bspa
_cBNPHU
082 _axxx
_bG112b
100 _aGabarró Berbegal, Daniel
_975110
245 0 _aBuena ortografía sin esfuerzo con PNL :. :
_bpropuesta metodológica para docentes /
_cDaniel Gabarró Berbegal ; Conxita Puigarnau Gracia.
260 _aSanto Domingo :
_bMediabyte,
_c2018.
300 _a86 p. :
_bil. ;
_c22 cm.
590 _aInventariado,2018/DG
700 _aPuigarnau Gracia, Conxita
_975111
999 _c46977
_d46977